Una nota sobre la distribución del ingreso en un modelo Ricardiano (Registro nro. 24772)
[ vista simple ]
| 000 -LEADER | |
|---|---|
| fixed length control field | 00346 a2200109 4500 |
| 001 - CONTROL NUMBER | |
| control field | ART_10481 |
| 005 - DATE AND TIME OF LATEST TRANSACTION | |
| control field | 20260410161848.0 |
| 008 - FIXED-LENGTH DATA ELEMENTS--GENERAL INFORMATION | |
| fixed length control field | 260409a |
| 100 1# - MAIN ENTRY--PERSONAL NAME | |
| Personal name | Porto, Alberto |
| 245 10 - TITLE STATEMENT | |
| Title | Una nota sobre la distribución del ingreso en un modelo Ricardiano |
| 773 0# - HOST ITEM ENTRY | |
| Title | Económica |
| Related parts | - Año XXII, Nº 1 (ene./abr.1976) |
| Record control number | REV7541 |
No hay ítems disponibles.